000 00707nam a2200289Ia 4500
005 20260324134806.0
008 008 260324s9999 xx 000 0 eng d
020 _a9780429247316
037 _aEBOOK
040 _aCRL
040 _beng
040 _cCRL
041 _2eng
041 _aeng
084 _qCRL
100 _aJack B. ReVelle
_91198174
245 0 _aManufacturing Handbook of Best Practices
245 3 _bAn Innovation, Productivity, and Quality Focus
260 _bTaylor and Francis
260 _c2001
365 _a
365 _b280
856 _uhttp://www.taylorfrancis.com/books/9780429247316
942 _cEBOOK
999 _c1798605
_d1798605